:استكشاف سلوك طلب المساعدة المهنية لدى الأخصائيين النفسيين في مدارس جنوب الباطنة دراسة حالة
Saved in:
| Main Author: | |
|---|---|
| Format: | Book |
| Tags: |
Add Tag
No Tags, Be the first to tag this record!
|
| LEADER | 00839nam a2200145 4500 | ||
|---|---|---|---|
| 100 | |a منوري،عيسى بن محمد بن سالم |9 575131 | ||
| 245 | |a :استكشاف سلوك طلب المساعدة المهنية لدى الأخصائيين النفسيين في مدارس جنوب الباطنة |b دراسة حالة | ||
| 264 | |a Kuala Lumpur : |b Kulliyyah of Education, International Islamic University Malaysia, |c 2022 | ||
| 336 | |2 rdacontent | ||
| 337 | |2 rdamedia | ||
| 338 | |2 rdacarrier | ||
| 942 | |2 lcc |n 0 | ||
| 999 | |c 516210 |d 547627 | ||
| 952 | |0 0 |1 0 |2 lcc |4 0 |7 5 |8 IIUMTHESIS |9 1015855 |a IIUM |b IIUM |c THESIS |d 2023-06-12 |e MGIFT(A) |p 11100480137 |r 2023-06-12 |w 2023-06-12 |y THESIS | ||
| 952 | |0 0 |1 0 |2 lcc |4 0 |7 5 |8 THESISSOFTCOPY |9 1015856 |a IIUM |b IIUM |c MULTIMEDIA |d 2023-06-12 |e MGIFT(A) |p 11100480138 |r 2023-06-12 |w 2023-06-12 |y THESISDIG | ||
